000 00776nas a2200241 4500
001 BR9212351
003 BR-BrBNA
005 20231205095227.0
007 ta
008 230509b bl.|||p| |||| 00| 00por d
040 _aBR-BrBNA
_bpor
_cBiblioteca Nacional de Agricultura
041 _a(Pt)
072 _aE10; E13
100 1 _aMoreira, E.M.
245 1 _aPolitica economica; politica monetaria e fiscal: o desempenho em 1990
650 _aPolitica Economica
650 _aPolitica Fiscal
650 _aInvestimento
650 _aReforma Administrativa
773 0 _tIndicadores Economicos - Fundacao de Economia e Estatistica (Brazil)
_xISSN 0103-3905
_g(Jan 1991), v. 18(4) p. 43-60
_wBR9212351
909 _a202311
_bLúcia
_c55
_dLúcia Elande
942 _2AGRIS
_n0
_cANA
999 _c149454
_d149454